| 000 | 01208nam0a22003131 4500 | ||
|---|---|---|---|
| 001 | rc\2144743 | ||
| 005 | 20250623092622.0 | ||
| 035 | _a(NLR Aleph) 006702579 | ||
| 090 |
_a5259609 _c5259609 |
||
| 100 | _a20110829d1978 |||y0rusy50 ca | ||
| 101 | 0 | _arus | |
| 102 | _aRU | ||
| 105 | _aa z ||||| | ||
| 200 | 1 | _aФузулиниды и стратиграфия ассельского яруса Дарваза | |
| 210 |
_aМосква _cНаука _d1978 |
||
| 215 |
_a163 с., 1 л. ил. _cил. _d21 |
||
| 300 | _aВ надзаг.: АН СССР, Моск. о-во испытателей природы | ||
| 320 | _aСписок лит.: с. 158-162 | ||
| 606 |
_aПермские отложения _xСтратиграфия _yДарвазский, хр. _2psbo |
||
| 606 |
_aФорам нниферы _zПермский период _yДарвазский, хр. _2psbo |
||
| 700 | 1 |
_aЛевен _bЭ.Я. _gЭрнст Яковлевич |
|
| 701 | 1 |
_aЩербович _bС.Ф. _gСофья Федоровна |
|
| 801 | 0 |
_aRU _bNLR _gpsbo |
|
| 801 | 1 |
_aRU _bELAR _2rusmarc |
|
| 852 |
_aNLR _j78-5/4299 |
||
| 899 |
_aRuMoRGB _jБ 78-10/162 |
||
| 899 |
_aRuMoRGB _jБ 78-10/163 |
||
| 942 | _cBOOK | ||
| 980 | _aNB | ||